| 000 | 00668nam a2200217 i 4500 | ||
|---|---|---|---|
| 001 | 17624 | ||
| 003 | ES-MaACL | ||
| 005 | 20250731070129.0 | ||
| 007 | t| | ||
| 008 | 010410m20002001sp ||||1| spa d | ||
| 020 | _a84-607-1126-9 | ||
| 080 | _a821.134.2-3.09"19" | ||
| 245 | 0 | 3 |
_aLa novela popular en España / _cFernando Martínez de la Hidalga... [et al.]. |
| 250 | _a1ª ed. | ||
| 260 |
_aMadrid : _bRobel, _c2000-2001. |
||
| 300 |
_a2 v. : _bil. ; _c25 cm. |
||
| 650 | 1 | 4 |
_aNovela española- _yS.XX- _xHistoria y crítica _915617 |
| 700 | 1 |
_aMartínez de la Hidalga, Fernando. _977998 |
|
| 852 |
_aES-MaACL _jL-24569-70 _bR.129863 |
||
| 999 |
_c17624 _d17624 |
||